Statystyki dla Jaka może być sala?

Kliknij tutaj aby rozwiązać quiz!

Ogólne statystyki

  • Ten quiz został rozwiązany 20 razy
  • Średni wynik to 2 z 5

Statystyki odpowiedzi

Odpowiedź% Poprawnych
Gimnastyczna
80%
Operacyjna
47%
Balowa
27%
Sądowa
27%
Wykładowa
13%

Rozkład punktacji

Percentyl według liczby udzielonych odpowiedzi

Procent ludzi z każdym wynikiem

Twoja historia wyników

Nie rozwiązałeś tego quizu